000 00870cam a2200265 4500
001 M2132
008 090401t1996 xxu||||| |||| 00| 0 eng d
035 _a(Sirsi) u96329
041 _aeng
110 _aRoyal Institution of Chartered Surveyors
_94900
245 _aState aid in the sale of publically owned land.
260 _aLondon
_bRICS
_c1996
300 _a8p. ; 30cm.
350 _a4
490 _aRICS Memorandum
_vPU/Report(96)12
520 _aComments by the RICS in response to the European Commission proposals aimed at establishing whether any hidden state subsidy is being given to the buyers of publicallly owned land.
650 _aEUROPEAN COMMISSION
650 _aGOVERNMENT SUBSIDIES
650 _aSTATE AID
650 _aSUBSIDIES
650 _aValuation
_96273
690 _aRATING AND VALUATION
942 _n0
948 _c04/03/1997
999 _c98638
_d98638